[Event "DEM U10w 2023"]
[Site "Willingen GER"]
[Date "2023.05.29"]
[Round "4"]
[White "Gubler, Sarah"]
[Black "Tischlinger, Lara"]
[Result "0-1"]
[Termination "normal"]
[Board "4"]
[WhiteElo "1139"]
[BlackElo "1238"]
[WhiteClock "00:56:28"]
[BlackClock "01:04:22"]
[PlyCount "114"]
[BlackFideId "34663401"]
[EventCountry "GER"]
[EventRounds "11"]
[EventType "swiss"]
[EventDate "2023.05.27"]

1. e4 {[%clk 01:15:58]} c6 {[%clk 01:15:53]} {[%emt 00:00:08]} 2. d4 {[%clk
01:16:18]} {[%emt 00:00:10]} d5 {[%clk 01:16:17]} {[%emt 00:00:07]} 3. exd5
{[%clk 01:16:23]} {[%emt 00:00:24]} cxd5 {[%clk 01:16:39]} {[%emt 00:00:08]} 4.
Bd3 {[%clk 01:16:12]} {[%emt 00:00:40]} Nc6 {[%clk 01:17:00]} {[%emt 00:00:09]}
5. c3 {[%clk 01:16:28]} {[%emt 00:00:15]} Nf6 {[%clk 01:17:22]} {[%emt
00:00:08]} 6. h3 {[%clk 01:16:42]} {[%emt 00:00:16]} e6 {[%clk 01:16:31]}
{[%emt 00:01:21]} 7. Nf3 {[%clk 01:16:56]} {[%emt 00:00:16]} Be7 {[%clk
01:16:38]} {[%emt 00:00:23]} 8. O-O {[%clk 01:17:04]} {[%emt 00:00:22]} O-O
{[%clk 01:16:53]} {[%emt 00:00:15]} 9. Bf4 {[%clk 01:16:19]} {[%emt 00:01:14]}
b6 {[%clk 01:15:31]} {[%emt 00:01:53]} 10. Re1 {[%clk 01:11:55]} {[%emt
00:04:52]} a5 {[%clk 01:12:52]} {[%emt 00:03:12]} 11. Nbd2 {[%clk 01:10:36]}
{[%emt 00:01:48]} Ba6 {[%clk 01:12:34]} {[%emt 00:00:48]} 12. c4 {[%clk
01:10:03]} {[%emt 00:01:03]} dxc4 {[%clk 01:11:31]} {[%emt 00:01:34]} 13. Nxc4
{[%clk 01:09:48]} {[%emt 00:00:44]} Nd5 {[%clk 01:05:30]} {[%emt 00:06:31]} 14.
Qd2 {[%clk 01:03:21]} {[%emt 00:06:56]} Bb4 {[%clk 01:04:00]} {[%emt 00:02:01]}
15. Bxh7+ {[%clk 00:59:09]} {[%emt 00:04:41]} Kxh7 {[%clk 01:02:10]} {[%emt
00:02:21]} 16. Qd3+ {[%clk 00:59:10]} {[%emt 00:00:27]} Kg8 {[%clk 01:00:56]}
{[%emt 00:01:46]} 17. Ng5 {[%clk 00:58:47]} {[%emt 00:00:51]} g6 {[%clk
00:59:40]} {[%emt 00:01:48]} 18. Rxe6 {[%clk 00:56:41]} {[%emt 00:02:36]} Nxf4
{[%clk 00:58:02]} {[%emt 00:02:08]} 19. Qe3 {[%clk 00:56:06]} {[%emt 00:01:04]}
Nxe6 {[%clk 00:56:03]} {[%emt 00:02:29]} 20. Nxe6 {[%clk 00:56:01]} {[%emt
00:00:35]} fxe6 {[%clk 00:56:21]} {[%emt 00:00:13]} 21. Qxe6+ {[%clk 00:56:08]}
{[%emt 00:00:23]} Kg7 {[%clk 00:55:26]} {[%emt 00:01:25]} 22. Qxc6 {[%clk
00:54:47]} {[%emt 00:01:49]} Bxc4 {[%clk 00:55:34]} {[%emt 00:00:23]} 23. Qxc4
{[%clk 00:54:46]} {[%emt 00:00:32]} Qf6 {[%clk 00:55:41]} {[%emt 00:00:22]} 24.
Rf1 {[%clk 00:53:58]} {[%emt 00:01:17]} Bd6 {[%clk 00:55:23]} {[%emt 00:00:50]}
25. Qe2 {[%clk 00:52:49]} {[%emt 00:01:38]} Rae8 {[%clk 00:55:27]} {[%emt
00:00:27]} 26. Qb5 {[%clk 00:51:56]} {[%emt 00:01:20]} Qxf2+ {[%clk 00:54:23]}
{[%emt 00:01:36]} 27. Rxf2 {[%clk 00:50:12]} {[%emt 00:02:14]} Re1+ {[%clk
00:54:37]} {[%emt 00:00:17]} 28. Rf1 {[%clk 00:50:24]} {[%emt 00:00:18]} Rexf1+
{[%clk 00:54:53]} {[%emt 00:00:13]} 29. Qxf1 {[%clk 00:50:45]} {[%emt
00:00:08]} Bh2+ {[%clk 00:55:14]} {[%emt 00:00:11]} 30. Kxh2 {[%clk 00:50:46]}
{[%emt 00:00:29]} Rxf1 {[%clk 00:55:32]} {[%emt 00:00:06]} 31. Kg3 {[%clk
00:51:14]} {[%emt 00:00:08]} Rd1 {[%clk 00:55:54]} {[%emt 00:00:08]} 32. Kg4
{[%clk 00:51:19]} {[%emt 00:00:25]} Rxd4+ {[%clk 00:56:19]} {[%emt 00:00:05]}
33. Kg5 {[%clk 00:51:11]} {[%emt 00:00:38]} Rd2 {[%clk 00:56:41]} {[%emt
00:00:07]} 34. g4 {[%clk 00:51:37]} {[%emt 00:00:04]} Rxb2 {[%clk 00:57:02]}
{[%emt 00:00:09]} 35. h4 {[%clk 00:51:54]} {[%emt 00:00:13]} Rxa2 {[%clk
00:57:17]} {[%emt 00:00:16]} 36. h5 {[%clk 00:52:10]} {[%emt 00:00:14]} gxh5
{[%clk 00:57:30]} {[%emt 00:00:08]} 37. Kxh5 {[%clk 00:52:28]} {[%emt
00:00:20]} a4 {[%clk 00:57:50]} {[%emt 00:00:11]} 38. g5 {[%clk 00:52:54]}
{[%emt 00:00:03]} a3 {[%clk 00:58:14]} {[%emt 00:00:07]} 39. g6 {[%clk
00:53:14]} {[%emt 00:00:09]} Rf2 {[%clk 00:58:30]} {[%emt 00:00:16]} 40. Kg4
{[%clk 00:53:08]} {[%emt 00:00:15]} a2 {[%clk 00:58:53]} {[%emt 00:00:26]} 41.
Kg3 {[%emt 00:00:05]} Kxg6 {[%emt 00:00:30]} 42. Kxf2 {[%clk 00:52:56]} {[%emt
00:00:07]} a1=Q {[%emt 00:00:13]} 43. Ke3 {[%clk 00:53:10]} {[%emt 00:00:10]}
Qf1 {[%clk 00:59:30]} {[%emt 00:00:18]} 44. Kd4 {[%clk 00:53:21]} {[%emt
00:00:16]} Qe2 {[%clk 00:59:53]} {[%emt 00:00:08]} 45. Kc3 {[%clk 00:53:39]}
{[%emt 00:00:12]} Qd1 {[%clk 01:00:12]} {[%emt 00:00:11]} 46. Kc4 {[%clk
00:53:55]} {[%emt 00:00:13]} Qd2 {[%clk 01:00:31]} {[%emt 00:00:12]} 47. Kb3
{[%clk 00:53:44]} {[%emt 00:00:41]} Qc1 {[%clk 01:00:52]} {[%emt 00:00:10]} 48.
Kb4 {[%clk 00:53:57]} {[%emt 00:00:17]} Qc2 {[%clk 01:01:12]} {[%emt 00:00:09]}
49. Kb5 {[%clk 00:54:07]} {[%emt 00:00:22]} Qc3 {[%clk 01:01:33]} {[%emt
00:00:08]} 50. Kxb6 {[%clk 00:54:29]} {[%emt 00:00:07]} Qc4 {[%clk 01:01:56]}
{[%emt 00:00:09]} 51. Kb7 {[%clk 00:54:48]} {[%emt 00:00:10]} Qc5 {[%clk
01:02:21]} {[%emt 00:00:05]} 52. Ka8 {[%clk 00:54:34]} {[%emt 00:00:43]} Qb5
{[%clk 01:02:43]} {[%emt 00:00:09]} 53. Ka7 {[%clk 00:54:59]} {[%emt 00:00:06]}
Kf6 {[%clk 01:03:07]} {[%emt 00:00:05]} 54. Ka8 {[%clk 00:55:23]} {[%emt
00:00:06]} Ke6 {[%clk 01:03:33]} {[%emt 00:00:04]} 55. Ka7 {[%clk 00:55:45]}
{[%emt 00:00:09]} Kd6 {[%clk 01:03:57]} {[%emt 00:00:05]} 56. Ka8 {[%clk
00:56:08]} {[%emt 00:00:07]} Kc7 {[%clk 01:04:22]} {[%emt 00:00:05]} 57. Ka7
{[%clk 00:56:28]} {[%emt 00:00:10]} Qa5# {[%emt 00:01:12]} 0-1

[Event "DEM U10w 2023"]
[Site "Willingen GER"]
[Date "2023.05.29"]
[Round "4"]
[White "Schirmbeck, Lilian"]
[Black "Tiuca, Emma"]
[Result "1-0"]
[Termination "normal"]
[Board "5"]
[WhiteElo "1661"]
[BlackElo "1149"]
[WhiteClock "00:57:58"]
[BlackClock "01:11:14"]
[PlyCount "97"]
[WhiteFideId "34620532"]
[BlackFideId "4007549"]
[EventCountry "GER"]
[EventRounds "11"]
[EventType "swiss"]
[EventDate "2023.05.27"]

1. e3 {[%clk 01:15:58]} {[%emt 00:00:01]} e6 {[%clk 01:15:47]} {[%emt
00:00:13]} 2. c4 {[%clk 01:15:20]} {[%emt 00:01:09]} d5 {[%clk 01:16:09]}
{[%emt 00:00:08]} 3. Nc3 {[%clk 01:15:11]} {[%emt 00:00:39]} Nf6 {[%clk
01:16:19]} {[%emt 00:00:19]} 4. Nf3 {[%clk 01:15:03]} {[%emt 00:00:39]} Nc6
{[%clk 01:16:39]} {[%emt 00:00:09]} 5. d4 {[%emt 00:01:40]} Bd7 {[%clk
01:16:52]} {[%emt 00:00:14]} 6. Be2 {[%clk 01:09:26]} {[%emt 00:04:59]} Be7
{[%clk 01:17:13]} {[%emt 00:00:09]} 7. O-O {[%clk 01:09:25]} {[%emt 00:00:32]}
O-O {[%clk 01:17:33]} {[%emt 00:00:10]} 8. b3 {[%clk 01:08:44]} {[%emt
00:01:12]} Re8 {[%clk 01:16:53]} {[%emt 00:01:10]} 9. Bb2 {[%clk 01:06:04]}
{[%emt 00:03:10]} b6 {[%clk 01:15:46]} {[%emt 00:01:37]} 10. Rc1 {[%clk
01:02:45]} {[%emt 00:03:49]} Bd6 {[%clk 01:15:46]} {[%emt 00:00:29]} 11. Nb5
{[%clk 00:59:57]} {[%emt 00:03:19]} Be7 {[%clk 01:15:31]} {[%emt 00:00:43]} 12.
cxd5 {[%clk 00:54:51]} {[%emt 00:05:37]} exd5 {[%clk 01:15:49]} {[%emt
00:00:11]} 13. Ne5 {[%clk 00:54:24]} {[%emt 00:00:59]} Nxe5 {[%clk 01:15:45]}
{[%emt 00:00:31]} 14. dxe5 {[%clk 00:54:51]} {[%emt 00:00:06]} Ne4 {[%clk
01:14:47]} {[%emt 00:01:26]} 15. Nxc7 {[%clk 00:54:44]} {[%emt 00:00:39]} Nc5
{[%emt 00:02:46]} 16. Nxe8 {[%clk 00:53:41]} {[%emt 00:00:09]} Bxe8 {[%clk
01:14:10]} {[%emt 00:00:12]} 17. Bf3 {[%clk 00:52:45]} {[%emt 00:01:26]} Bc6
{[%clk 01:14:26]} {[%emt 00:00:15]} 18. Ba1 {[%clk 00:51:29]} {[%emt 00:01:47]}
h6 {[%clk 01:10:02]} {[%emt 00:04:53]} 19. b4 {[%clk 00:50:31]} {[%emt
00:01:30]} Ne4 {[%clk 01:09:10]} {[%emt 00:01:20]} 20. Bxe4 {[%clk 00:50:37]}
{[%emt 00:00:24]} dxe4 {[%clk 01:09:07]} {[%emt 00:00:32]} 21. Qxd8+ {[%clk
00:50:53]} {[%emt 00:00:17]} Rxd8 {[%clk 01:09:18]} {[%emt 00:00:17]} 22. Rxc6
{[%clk 00:51:16]} {[%emt 00:00:08]} Bxb4 {[%clk 01:09:29]} {[%emt 00:00:17]}
23. Rc4 {[%clk 00:51:35]} {[%emt 00:00:13]} Be7 {[%clk 01:09:41]} {[%emt
00:00:18]} 24. Rxe4 {[%clk 00:51:56]} {[%emt 00:00:09]} Rb8 {[%clk 01:08:25]}
{[%emt 00:01:44]} 25. Rd1 {[%clk 00:52:21]} {[%emt 00:00:08]} a5 {[%clk
01:08:43]} {[%emt 00:00:09]} 26. Red4 {[%clk 00:52:21]} {[%emt 00:00:33]} Kh7
{[%clk 01:08:41]} {[%emt 00:00:29]} 27. Rd7 {[%clk 00:52:47]} {[%emt 00:00:06]}
Bc5 {[%clk 01:08:38]} {[%emt 00:00:31]} 28. Bd4 {[%clk 00:52:59]} {[%emt
00:00:20]} Bxd4 {[%clk 01:08:49]} {[%emt 00:00:17]} 29. exd4 {[%clk 00:53:27]}
{[%emt 00:00:05]} b5 {[%clk 01:09:07]} {[%emt 00:00:10]} 30. Rb1 {[%clk
00:53:48]} {[%emt 00:00:11]} a4 {[%clk 01:09:24]} {[%emt 00:00:12]} 31. d5
{[%clk 00:54:14]} {[%emt 00:00:04]} b4 {[%clk 01:09:44]} {[%emt 00:00:10]} 32.
Ra7 {[%clk 00:54:32]} {[%emt 00:00:12]} a3 {[%clk 01:09:58]} {[%emt 00:00:15]}
33. d6 {[%clk 00:54:53]} {[%emt 00:00:10]} Rc8 {[%clk 01:10:09]} {[%emt
00:00:15]} 34. d7 {[%clk 00:55:18]} {[%emt 00:00:09]} Rd8 {[%clk 01:10:31]}
{[%emt 00:00:07]} 35. Rxb4 {[%clk 00:55:38]} {[%emt 00:00:11]} h5 {[%clk
01:10:08]} {[%emt 00:00:52]} 36. Rc4 {[%clk 00:56:05]} {[%emt 00:00:05]} Kh6
{[%clk 01:10:29]} {[%emt 00:00:07]} 37. Rc8 {[%clk 00:56:31]} {[%emt 00:00:05]}
Rxc8 {[%clk 01:10:46]} {[%emt 00:00:10]} 38. dxc8=Q {[%clk 00:56:49]} {[%emt
00:00:15]} Kg6 {[%clk 01:11:00]} {[%emt 00:00:15]} 39. Ra6+ {[%clk 00:57:10]}
{[%emt 00:00:11]} Kg5 {[%clk 01:10:25]} {[%emt 00:01:03]} 40. Qc1+ {[%clk
00:57:00]} {[%emt 00:00:41]} Kg4 {[%clk 01:09:56]} {[%emt 00:00:58]} 41. h3+
{[%clk 00:57:11]} {[%emt 00:00:20]} Kf5 {[%clk 01:09:56]} {[%emt 00:00:30]} 42.
Qe3 {[%clk 00:55:58]} {[%emt 00:01:43]} f6 {[%clk 01:09:51]} {[%emt 00:00:34]}
43. exf6 {[%clk 00:56:09]} {[%emt 00:00:19]} gxf6 {[%clk 01:10:07]} {[%emt
00:00:12]} 44. Qd3+ {[%clk 00:56:32]} {[%emt 00:00:11]} Kg5 {[%clk 01:10:15]}
{[%emt 00:00:19]} 45. Ra5+ {[%clk 00:56:49]} {[%emt 00:00:15]} Kh6 {[%clk
01:10:34]} {[%emt 00:00:10]} 46. Qf5 {[%clk 00:56:53]} {[%emt 00:00:28]} Kg7
{[%clk 01:10:44]} {[%emt 00:00:19]} 47. Ra7+ {[%clk 00:57:18]} {[%emt
00:00:05]} Kg8 {[%clk 01:10:57]} {[%emt 00:00:16]} 48. Qg6+ {[%clk 00:57:43]}
{[%emt 00:00:06]} Kf8 {[%clk 01:11:14]} {[%emt 00:00:13]} 49. Qf7# {[%clk
00:57:58]} {[%emt 00:00:16]} 1-0

[Event "DEM U10w 2023"]
[Site "Willingen GER"]
[Date "2023.05.29"]
[Round "4"]
[White "Berger, Jennifer"]
[Black "Bohatyrova, Mariia"]
[Result "0-1"]
[Termination "normal"]
[Board "6"]
[WhiteElo "1137"]
[BlackElo "1357"]
[WhiteClock "01:14:38"]
[BlackClock "00:20:04"]
[PlyCount "128"]
[WhiteFideId "34630074"]
[BlackFideId "34165789"]
[EventCountry "GER"]
[EventRounds "11"]
[EventType "swiss"]
[EventDate "2023.05.27"]

1. e4 {[%clk 01:15:54]} {[%emt 00:00:05]} e5 {[%clk 01:15:56]} {[%emt
00:00:05]} 2. Nf3 {[%clk 01:16:16]} {[%emt 00:00:08]} Nc6 {[%clk 01:16:20]}
{[%emt 00:00:06]} 3. d4 {[%clk 01:16:40]} {[%emt 00:00:06]} exd4 {[%clk
01:16:44]} {[%emt 00:00:06]} 4. Nxd4 {[%clk 01:17:03]} {[%emt 00:00:06]} Bc5
{[%clk 01:17:06]} {[%emt 00:00:08]} 5. Nb3 {[%clk 01:17:25]} {[%emt 00:00:08]}
Bb6 {[%clk 01:17:30]} {[%emt 00:00:07]} 6. Nc3 {[%clk 01:17:40]} {[%emt
00:00:15]} Nf6 {[%clk 01:17:43]} {[%emt 00:00:16]} 7. Bg5 {[%clk 01:17:48]}
{[%emt 00:00:22]} h6 {[%clk 01:17:48]} {[%emt 00:00:25]} 8. Bh4 {[%clk
01:17:45]} {[%emt 00:00:31]} d6 {[%clk 01:09:42]} {[%emt 00:08:39]} 9. Nd5
{[%clk 01:17:07]} {[%emt 00:01:06]} g5 {[%clk 01:08:08]} {[%emt 00:02:05]} 10.
Bg3 {[%clk 01:16:36]} {[%emt 00:01:02]} Nxd5 {[%clk 01:03:50]} {[%emt
00:04:48]} 11. Qxd5 {[%clk 01:14:32]} {[%emt 00:02:33]} Be6 {[%clk 01:03:16]}
{[%emt 00:01:03]} 12. Qd2 {[%clk 01:13:42]} {[%emt 00:01:19]} Qf6 {[%clk
00:59:18]} {[%emt 00:04:25]} 13. c3 {[%clk 01:13:25]} {[%emt 00:00:51]} O-O-O
{[%clk 00:57:19]} {[%emt 00:02:30]} 14. Bd3 {[%clk 01:13:11]} {[%emt 00:00:44]}
h5 {[%clk 00:57:18]} {[%emt 00:00:30]} 15. h3 {[%clk 01:13:27]} {[%emt
00:00:16]} Ne5 {[%emt 00:05:13]} 16. Nd4 {[%clk 01:10:14]} {[%emt 00:00:15]} h4
{[%clk 00:46:09]} {[%emt 00:10:23]} 17. Bh2 {[%clk 01:10:13]} {[%emt 00:00:31]}
Rhg8 {[%clk 00:37:15]} {[%emt 00:09:20]} 18. Nxe6 {[%clk 01:04:42]} {[%emt
00:06:05]} fxe6 {[%clk 00:37:21]} {[%emt 00:00:24]} 19. O-O-O {[%clk 01:04:53]}
{[%emt 00:00:18]} Nxd3+ {[%clk 00:35:44]} {[%emt 00:02:08]} 20. Qxd3 {[%clk
01:03:00]} {[%emt 00:02:23]} Qxf2 {[%clk 00:35:49]} {[%emt 00:00:26]} 21. Rdg1
{[%clk 01:02:05]} {[%emt 00:00:47]} Qe3+ {[%clk 00:36:10]} {[%emt 00:00:45]}
22. Qd2 {[%clk 01:02:20]} {[%emt 00:00:14]} Qxd2+ {[%clk 00:36:34]} {[%emt
00:00:08]} 23. Kxd2 {[%clk 01:02:38]} {[%emt 00:00:12]} Bxg1 {[%clk 00:37:01]}
{[%emt 00:00:03]} 24. Rxg1 {[%clk 01:02:58]} {[%emt 00:00:10]} Rdf8 {[%clk
00:37:07]} {[%emt 00:00:20]} 25. Re1 {[%clk 01:02:47]} {[%emt 00:00:44]} Rf2+
{[%clk 00:37:26]} {[%emt 00:00:11]} 26. Re2 {[%clk 01:03:02]} {[%emt 00:00:16]}
Rgf8 {[%clk 00:37:35]} {[%emt 00:00:19]} 27. Bg1 {[%clk 01:03:25]} {[%emt
00:00:09]} Rxe2+ {[%clk 00:37:53]} {[%emt 00:00:12]} 28. Kxe2 {[%clk 01:03:52]}
{[%emt 00:00:03]} Kd7 {[%clk 00:38:11]} {[%emt 00:00:11]} 29. Be3 {[%clk
01:04:10]} {[%emt 00:00:13]} Rg8 {[%clk 00:38:02]} {[%emt 00:00:39]} 30. Kf3
{[%clk 01:04:23]} {[%emt 00:00:17]} Ke7 {[%clk 00:38:22]} {[%emt 00:00:10]} 31.
Kg4 {[%clk 01:04:50]} {[%emt 00:00:03]} Kf6 {[%clk 00:38:25]} {[%emt 00:00:26]}
32. Bd4+ {[%clk 01:04:58]} {[%emt 00:00:22]} e5 {[%clk 00:38:34]} {[%emt
00:00:20]} 33. Be3 {[%clk 01:05:20]} {[%emt 00:00:10]} b6 {[%clk 00:37:33]}
{[%emt 00:01:30]} 34. g3 {[%clk 01:05:21]} {[%emt 00:00:31]} hxg3 {[%clk
00:37:43]} {[%emt 00:00:20]} 35. Kxg3 {[%clk 01:05:47]} {[%emt 00:00:03]} c6
{[%clk 00:37:47]} {[%emt 00:00:26]} 36. c4 {[%clk 01:05:50]} {[%emt 00:00:28]}
Rg7 {[%clk 00:36:58]} {[%emt 00:01:16]} 37. Kg4 {[%clk 01:06:15]} {[%emt
00:00:08]} b5 {[%clk 00:36:58]} {[%emt 00:00:28]} 38. b3 {[%clk 01:06:42]}
{[%emt 00:00:04]} a5 {[%clk 00:36:52]} {[%emt 00:00:24]} 39. cxb5 {[%clk
01:06:00]} {[%emt 00:01:25]} cxb5 {[%clk 00:37:16]} {[%emt 00:00:06]} 40. a4
{[%clk 01:06:24]} {[%emt 00:00:06]} bxa4 {[%clk 00:36:57]} {[%emt 00:00:49]}
41. bxa4 {[%clk 01:06:46]} {[%emt 00:00:07]} Rg8 {[%clk 00:37:04]} {[%emt
00:00:08]} 42. Bd2 {[%clk 01:07:12]} {[%emt 00:00:18]} Ke6 {[%clk 00:18:32]}
{[%emt 00:19:02]} 43. Bxg5 {[%clk 01:06:44]} {[%emt 00:00:58]} Rc8 {[%clk
00:18:18]} {[%emt 00:00:43]} 44. h4 {[%clk 01:07:03]} {[%emt 00:00:13]} Rc4
{[%clk 00:17:49]} {[%emt 00:00:57]} 45. Kf3 {[%clk 01:07:28]} {[%emt 00:00:08]}
Rxa4 {[%clk 00:18:05]} {[%emt 00:00:14]} 46. h5 {[%clk 01:07:55]} {[%emt
00:00:02]} Ra3+ {[%clk 00:17:48]} {[%emt 00:00:45]} 47. Kg4 {[%clk 01:08:19]}
{[%emt 00:00:08]} Kf7 {[%clk 00:17:08]} {[%emt 00:01:08]} 48. Kf5 {[%clk
01:08:43]} {[%emt 00:00:09]} Rf3+ {[%clk 00:17:28]} {[%emt 00:00:09]} 49. Kg4
{[%clk 01:09:03]} {[%emt 00:00:10]} Rf1 {[%clk 00:17:33]} {[%emt 00:00:24]} 50.
Bd2 {[%clk 01:08:57]} {[%emt 00:00:38]} a4 {[%clk 00:17:26]} {[%emt 00:00:34]}
51. Bb4 {[%clk 01:09:25]} {[%emt 00:00:04]} d5 {[%clk 00:15:54]} {[%emt
00:02:02]} 52. exd5 {[%clk 01:09:47]} {[%emt 00:00:08]} Rf4+ {[%clk 00:16:19]}
{[%emt 00:00:05]} 53. Kg5 {[%clk 01:10:02]} {[%emt 00:00:15]} Rxb4 {[%clk
00:16:40]} {[%emt 00:00:10]} 54. d6 {[%clk 01:10:25]} {[%emt 00:00:06]} Ke6
{[%clk 00:17:05]} {[%emt 00:00:06]} 55. h6 {[%clk 01:10:48]} {[%emt 00:00:06]}
Rb8 {[%clk 00:17:30]} {[%emt 00:00:05]} 56. Kg6 {[%clk 01:11:04]} {[%emt
00:00:14]} a3 {[%clk 00:17:46]} {[%emt 00:00:14]} 57. h7 {[%clk 01:11:32]}
{[%emt 00:00:03]} a2 {[%clk 00:18:03]} {[%emt 00:00:13]} 58. Kg7 {[%clk
01:12:01]} a1=Q {[%clk 00:18:03]} {[%emt 00:00:29]} 59. h8=Q {[%emt 00:00:06]}
Rxh8 {[%clk 00:18:26]} {[%emt 00:00:07]} 60. Kxh8 {[%clk 01:12:49]} {[%emt
00:00:07]} Qg1 {[%clk 00:18:32]} {[%emt 00:00:21]} 61. d7 {[%clk 01:13:24]}
{[%emt 00:02:00]} Kxd7 {[%clk 00:18:56]} {[%emt 00:00:05]} 62. Kh7 {[%clk
01:13:48]} {[%emt 00:00:06]} Ke7 {[%clk 00:19:19]} {[%emt 00:00:07]} 63. Kh6
{[%clk 01:14:13]} {[%emt 00:00:05]} Kf6 {[%clk 00:19:43]} {[%emt 00:00:07]} 64.
Kh5 {[%clk 01:14:38]} {[%emt 00:00:03]} Qg5+ {[%clk 00:20:04]} {[%emt
00:00:10]} 0-1

[Event "DEM U10w 2023"]
[Site "Willingen GER"]
[Date "2023.05.29"]
[Round "4"]
[White "Englert, Ann"]
[Black "Trush, Diana"]
[Result "0-1"]
[Termination "normal"]
[Board "7"]
[WhiteElo "1328"]
[BlackElo "1002"]
[WhiteClock "00:54:21"]
[BlackClock "00:09:07"]
[PlyCount "56"]
[WhiteFideId "34606181"]
[BlackFideId "34644091"]
[EventCountry "GER"]
[EventRounds "11"]
[EventType "swiss"]
[EventDate "2023.05.27"]

1. d4 {[%clk 01:15:58]} {[%emt 00:00:01]} c5 {[%clk 01:15:41]} {[%emt
00:00:19]} 2. Nf3 {[%clk 01:16:13]} {[%emt 00:00:15]} cxd4 {[%clk 01:15:29]}
{[%emt 00:00:40]} 3. Nxd4 {[%clk 01:16:28]} {[%emt 00:00:17]} d5 {[%clk
01:14:54]} {[%emt 00:01:05]} 4. Nc3 {[%clk 01:16:20]} {[%emt 00:00:38]} Nf6
{[%clk 01:12:44]} {[%emt 00:02:32]} 5. Bf4 {[%clk 01:16:10]} {[%emt 00:00:49]}
Nc6 {[%clk 01:11:33]} {[%emt 00:01:35]} 6. Nxc6 {[%clk 01:14:16]} {[%emt
00:02:29]} bxc6 {[%clk 01:10:52]} {[%emt 00:01:08]} 7. e3 {[%clk 01:14:18]}
{[%emt 00:00:32]} g6 {[%clk 01:08:30]} {[%emt 00:02:43]} 8. Be2 {[%clk
01:14:06]} {[%emt 00:00:50]} Bg7 {[%clk 01:06:12]} {[%emt 00:02:47]} 9. O-O
{[%clk 01:14:04]} {[%emt 00:00:33]} O-O {[%clk 01:03:18]} {[%emt 00:03:23]} 10.
Rb1 {[%clk 01:13:25]} {[%emt 00:01:10]} Re8 {[%clk 01:02:42]} {[%emt 00:01:04]}
11. h3 {[%clk 01:12:48]} {[%emt 00:01:09]} e5 {[%clk 01:01:19]} {[%emt
00:01:52]} 12. Bg3 {[%emt 00:03:26]} Nh5 {[%clk 00:58:59]} 13. Bxh5 {[%clk
01:12:17]} {[%emt 00:00:56]} gxh5 {[%clk 00:59:26]} {[%emt 00:00:02]} 14. Qxh5
{[%clk 01:12:01]} {[%emt 00:00:46]} d4 {[%clk 00:56:15]} {[%emt 00:03:38]} 15.
exd4 {[%clk 01:12:08]} {[%emt 00:00:26]} exd4 {[%clk 00:56:34]} {[%emt
00:00:11]} 16. Na4 {[%clk 01:12:05]} {[%emt 00:00:33]} Re6 {[%clk 00:51:37]}
{[%emt 00:05:24]} 17. Qd1 {[%clk 01:08:06]} {[%emt 00:04:32]} Qd5 {[%clk
00:49:38]} {[%emt 00:02:29]} 18. b3 {[%clk 01:07:49]} {[%emt 00:00:47]} c5
{[%clk 00:46:13]} {[%emt 00:03:54]} 19. Nb2 {[%clk 01:07:41]} {[%emt 00:00:40]}
Rg6 {[%clk 00:45:45]} {[%emt 00:00:56]} 20. Bh2 {[%clk 01:06:15]} {[%emt
00:01:56]} Bxh3 {[%clk 00:45:23]} {[%emt 00:00:52]} 21. f3 {[%clk 01:04:36]}
{[%emt 00:02:10]} Be5 {[%clk 00:32:12]} {[%emt 00:13:41]} 22. Rf2 {[%clk
01:01:01]} {[%emt 00:04:05]} Kh8 {[%clk 00:25:00]} {[%emt 00:07:43]} 23. Qe2
{[%clk 01:00:59]} {[%emt 00:00:31]} Re8 {[%clk 00:22:57]} {[%emt 00:02:32]} 24.
Qd2 {[%clk 01:01:11]} {[%emt 00:00:18]} Reg8 {[%clk 00:12:53]} {[%emt
00:10:28]} 25. Bxe5+ {[%clk 00:58:58]} {[%emt 00:02:50]} Qxe5 {[%clk 00:12:01]}
{[%emt 00:01:22]} 26. Re1 {[%clk 00:58:33]} {[%emt 00:00:56]} Rxg2+ {[%clk
00:09:05]} {[%emt 00:03:25]} 27. Rxg2 {[%clk 00:58:07]} {[%emt 00:00:55]} Rxg2+
{[%clk 00:09:23]} {[%emt 00:00:13]} 28. Kh1 {[%clk 00:54:21]} {[%emt 00:04:17]}
Qh2# {[%clk 00:09:07]} {[%emt 00:00:11]} 0-1